[Event "FRA-chT2C 0506"]
[Site "France"]
[Date "2006.02.05"]
[Round "7.7"]
[White "Mania, Clement"]
[Black "Bottu, Eric"]
[Result "0-1"]
[WhiteElo "1954"]
[BlackElo "1950"]
[PlyCount "82"]
[EventDate "2005.10.27"]
[EventType "team-tourn"]
[EventRounds "11"]
[EventCountry "FRA"]
[SourceTitle "EXT 2006"]
[Source "ChessBase"]
[SourceDate "2005.11.24"]
[SourceVersion "1"]
[SourceVersionDate "2005.11.24"]
[SourceQuality "1"]

1. d4 e6 2. e4 d5 3. Nc3 Bb4 4. a3 Bxc3+ 5. bxc3 Ne7 6. Qg4 Ng6 7. e5 c5 8. h4 Rg8 9. Bd3 Nc6 10. Nf3 Nce7 11. Rh3 Qc7 12. Bd2 c4 13. Bxg6 Nxg6 14. Ng5 Bd7 15. Rf3 Nh8 16. Qh5 0-0-0 17. Qxh7 f6 18. exf6 gxf6 19. Rxf6 e5 20. Rb1 Rde8 21. Kf1 b6 22. Nf3 exd4 23. cxd4 c3 24. Qd3 cxd2 25. Qa6+ Kd8 26. Ne5 Ke7 27. Qe2 Kxf6 28. Rb3 Qxc2 29. Nxd7+ Kg7 30. Rg3+ Ng6 31. Rxg6+ Kxg6 32. Qg4+ Kf7 33. Ne5+ Rxe5 34. Qd7+ Re7 35. Qxd5+ Kf8 36. Qd8+ Kf7 37. Qd5+ Kg7 38. Qg5+ Kf8 39. Qh6+ Ke8 40. Qh5+ Qg6 41. Qb5+ Kf8 0-1